Web Services Security

Spremljeno u:
Bibliografski detalji
Format: Knjiga
Jezik:Undetermined
Izdano: New York McGraw-Hill 2003
Teme:
Oznake: Dodaj oznaku
Bez oznaka, Budi prvi tko označuje ovaj zapis!
Thư viện lưu trữ: Trung tâm Học liệu Trường Đại học Cần Thơ
LEADER 00532nam a2200193Ia 4500
001 CTU_64748
008 210402s9999 xx 000 0 und d
020 |c 600000 
082 |a 005.8 
082 |b W364 
245 0 |a Web Services Security 
245 0 |c Mark O’Neill ... [et al.] 
260 |a New York 
260 |b McGraw-Hill 
260 |c 2003 
650 |a Computer networks,Web sites 
650 |x Security measures,Security measures 
904 |i Trọng Hải 
980 |a Trung tâm Học liệu Trường Đại học Cần Thơ